Formule 1 - Nations victorieuses - Statistiques

Statistiques générales
  • Ce quiz a été pris 870 fois
  • Le résultat moyen est 19 sur 23
Statistiques - réponses
# Nombre de victoires Réponse % Correct
4 81 France
100%
1 317 Royaume-Uni
100%
2 179 Allemagne
99%
3 101 Brésil
97%
11 36 Espagne
97%
8 43 Italie
97%
5 64 Pays-Bas
93%
7 49 Australie
90%
12 33 États-Unis
90%
10 38 Argentine
89%
13 17 Canada
87%
6 57 Finlande
86%
18 8 Mexique
84%
9 41 Autriche
79%
16 11 Belgique
78%
19 8 Monaco
75%
21 7 Suisse
75%
15 12 Suède
70%
17 10 Afrique du Sud
67%
14 12 Nouvelle-Zélande
67%
22 1 Pologne
67%
20 7 Colombie
59%
23 1 Venezuela
46%
Aucun quiz correspondant
Distribution des résultats
% des personnes avec chaque résultat
Percentile par nombre de réponses
Votre historique - résultats
Vous n’avez pas pris ce quiz